LEADER 01427nam 2200469 450 001 9910831201103321 005 20221226142016.0 010 $a1-119-77580-9 010 $a1-119-77578-7 035 $a(MiAaPQ)EBC7021611 035 $a(Au-PeEL)EBL7021611 035 $a(CKB)23981260100041 035 $a(EXLCZ)9923981260100041 100 $a20221226d2022 uy 0 101 0 $aeng 135 $aurcnu|||||||| 181 $ctxt$2rdacontent 182 $cc$2rdamedia 183 $acr$2rdacarrier 200 00$aAdult orthodontics /$fedited by Birte Melsen and Cesare Luzi 205 $aSecond edition. 210 1$aHoboken, New Jersey ;$aChichester, West Sussex, England :$cWiley Blackwell,$d[2022] 210 4$dİ2022 215 $a1 online resource (481 pages) 311 08$aPrint version: Melsen, Birte Adult Orthodontics Newark : John Wiley & Sons, Incorporated,c2022 9781119775775 320 $aIncludes bibliographical references and index. 606 $aOrthodontics 606 $aOrthodontics, Corrective 606 $aAdulthood 615 0$aOrthodontics. 615 0$aOrthodontics, Corrective. 615 0$aAdulthood. 676 $a617.643 702 $aMelsen$b Birte 702 $aLuzi$b Cesare$f1975- 801 0$bMiAaPQ 801 1$bMiAaPQ 801 2$bMiAaPQ 906 $aBOOK 912 $a9910831201103321 996 $aAdult orthodontics$94030439 997 $aUNINA